Enciclopedia de la literatura argentina
Zapisane w:
| Główni autorzy: | , |
|---|---|
| Format: | Książka |
| Język: | hiszpański |
| Wydane: |
Buenos Aires
Sudamericana
1970
|
| Hasła przedmiotowe: | |
| Etykiety: |
Dodaj etykietę
Nie ma etykietki, Dołącz pierwszą etykiete!
|
MARC
| LEADER | 00000nam a2200000 a 4500 | ||
|---|---|---|---|
| 001 | UCZ7796 | ||
| 003 | CL-VaPUC | ||
| 008 | 960112e19700000AG |||||||||||||||||spa|d | ||
| 082 | 0 | 4 | |a Ar860.3 |b ORG |2 21 |
| 100 | |a Orgambide, Pedro |e autor |9 570427 | ||
| 700 | 0 | |a Yahni, Roberto |e author |9 352777 | |
| 245 | 1 | 0 | |a Enciclopedia de la literatura argentina |
| 300 | |a 639 p | ||
| 942 | |c BK | ||
| 945 | |d 19960112 00:00:00 |a rleighto | ||
| 260 | |a Buenos Aires |b Sudamericana |c 1970 | ||
| 650 | 0 | |a Literatura argentina |9 320596 | |
| 650 | 0 | |a Diccionarios |9 256200 | |
| 583 | |a last modification |c 19960112 00:00:00 |k Rodrigo Vera | ||
| 999 | |c 243794 |d 243792 | ||
| 952 | |0 0 |1 0 |4 0 |6 AR_860_300000000000000_ORG_1970 |7 0 |8 X |9 257595 |a BIBEDU |b BIBEDU |d 2019-11-19 |i 3165116 |o Ar860.3 ORG 1970 |p 3165116 |r 2023-01-13 |w 2019-11-19 |y BK_X |k LIT | ||